| 000 | 00462nab a2200145Ia 4500 | ||
|---|---|---|---|
| 003 | ES-SlBCS | ||
| 005 | 20210601132852.0 | ||
| 008 | 140529s1962 xxu||||| |||| 00| 0 ita d | ||
| 041 | _aita | ||
| 100 | 1 |
_aFano, Giorgio _9193600 |
|
| 245 | 0 | 0 |
_aIl problema dell'origine del linguaggio in G. B. Vico _c Giorgio Fano |
| 600 | 1 | 4 |
_aVico-Origen del Lenguaje _9199658 |
| 773 | 0 |
_tGiornali di Metafisica _gvol. 17, nº. 4-5, 1962, págs. 489-500 _w0017-0372 |
|
| 942 | _cAR | ||
| 999 |
_c586918 _d586918 |
||